| 000 | 00667nam a2200241Ia 4500 | ||
|---|---|---|---|
| 003 | OSt | ||
| 005 | 20220928132613.0 | ||
| 006 | a|||||r|||| 00| 0 | ||
| 007 | ta | ||
| 008 | 220927b |||||||| |||| 00| 0 eng d | ||
| 024 | _a29327 | ||
| 037 | _cTextual | ||
| 040 |
_aSDCL _cSDCL _beng |
||
| 041 |
_2eng _aeng |
||
| 082 | _aQ22wx1,1, 111M2 | ||
| 100 |
_aAbbott Justin E _9482394 |
||
| 245 | 0 | _aStories of Indian saints. | |
| 260 |
_aDelhi _bMotilal Banarasidass _c1982 |
||
| 300 |
_axxxvii,497p. _ccm. |
||
| 700 |
_a Godbole G V _9482395 |
||
| 942 |
_hQ22wx1,1, 111M2 _cTEXL _2CC |
||
| 999 |
_c795107 _d795107 |
||